| 000 | 01342nam a2200277Ia 4500 | ||
|---|---|---|---|
| 003 | PE SENCICO BE | ||
| 005 | 20251020182429.0 | ||
| 008 | 200515s9999 xx 000 0 und d | ||
| 020 | _a978-612-304-497-8 | ||
| 040 |
_aPE SENCICO BE _cPE SENCICO BE |
||
| 041 | _aspa | ||
| 082 |
_a336.117 _bR16 |
||
| 100 | 1 |
_aRaffo Lecca, Eduardo _9356 _eautor |
|
| 245 | 1 | 0 |
_aSeguridad en el trabajo / _cEduardo Raffo Lecca |
| 250 | _a1a ed. | ||
| 260 |
_aLima: _bMacro, _c2016 |
||
| 300 |
_a351 p. : _bil., diagrs. ; _c25 cm. |
||
| 505 | 0 | _aCondiciones de seguridad -- Los accidentes y la seguridad en el trabajo -- Investigación de accidentes (INVAC) -- Normas y señalización de seguridad -- Lugares y espacios de trabajo -- Caidas de altura -- Máquinas y herramientas -- Elevación, transporte y almacenamiento -- Riesgos eléctricos -- Espacios confinados | |
| 520 | 3 | _aPermite conocer y aplicar las herramientas leóricas y prácticas necesarias para la prevención de lesiones y enfermedades relacionadas con el trabajo y sobre la protección y promoción de la salud. | |
| 650 | 1 | 4 |
_aSeguridad industrial _996 |
| 650 | 2 | 4 |
_aAccidentes de trabajo _9348 |
| 650 | 2 | 4 |
_aHigiene industrial _9357 |
| 650 | 2 | 0 |
_aSalud ocupacional _9581 |
| 650 | 2 | 0 |
_aPrevención de accidentes _9100 |
| 942 |
_cLIB _2ddc _h336.117 _iR16 |
||
| 999 |
_c207 _d207 |
||